000
00319nam a22001337a 4500
020
_a
978-81-291-1203-3
082
_a
823
_b
BON/R
100
_a
BOND, RUSKIN
245
_a
THE RUPA BOOK OF EERIE STORIES
260
_a
DELHI
_b
RUPA PUBLICATIONS
_c
2007
300
_a
97
650
_a
CHILDRENS STORY BOOK
_z
INDIA
942
_c
BK
999
_c
2745
_d
2745